000 00549nam a2200193Ia 4500
001 14842
003 GE_BSU
008 181216s||||||||xx |||||||||||||| ||und||
040 _cGE_BSU
080 _a51(072)
100 _aБаврин, И.И, Фрибус, Е.А.
245 _aЗанимательные задачи по математике.
260 _aМосква
260 _bВладос.
260 _c2003
300 _a207стр.20см.
653 _aЗанимательные задачи по математике.
942 _cBK
999 _c47965
_d47965